Discos de Tyler, The Creator por foto - Estadísticas

Estadísticas generales
  • Esta prueba ha sido intentada 45 veces
  • La puntuación promedio es 7 de 8
Estadísticas de respuestas
Imagen Respuesta % Correcto
IGOR
100%
CHROMAKOPIA
98%
Flower Boy
86%
Wolf
83%
CALL ME IF YOU GET LOST
81%
Goblin
79%
Cherry Bomb
76%
Bastard
71%
No se encontraron pruebas coincidentes
Distribución de puntuación
Porcentaje de gente con cada puntuación
Porcentaje por número respondido
Historial de tus puntuaciones
No has intentado esta prueba.